000
00286nam a2200109Ia 4500
008
220204s9999 xx 000 0 und d
082
_a
534
_b
HAN
245
0
_a
Handbook of noise and vibration control
250
_a
Ed.3
260
_a
England
_b
Trade and technical press
_c
1979
942
_c
BK
999
_c
31999
_d
31999